Idegenforgalom télen
Elmentve itt :
| Szerző: | |
|---|---|
| Dokumentumtípus: | Cikk |
| Megjelent: |
1967-12-28
|
| Sorozat: | Délmagyarország
57 No. 305 |
| Kulcsszavak: | Idegenforgalom téli Szeged 1967, 1965 |
| Online Access: | http://dmarchiv.bibl.u-szeged.hu/70665 |
| LEADER | 00473nab a2200157 i 4500 | ||
|---|---|---|---|
| 001 | delm70665 | ||
| 005 | 20180928082404.0 | ||
| 008 | 180928s1967 hu o 0|| hun d | ||
| 040 | |a SZTE Délmagyarország Archívum |b hun | ||
| 041 | |a hun | ||
| 100 | 1 | |a Somogyi Károlyné | |
| 245 | 1 | 0 | |a Idegenforgalom télen |h [elektronikus dokumentum] / |c Somogyi Károlyné |
| 260 | |c 1967-12-28 | ||
| 300 | |a 1 | ||
| 490 | 0 | |a Délmagyarország |v 57 No. 305 | |
| 695 | |a Idegenforgalom téli Szeged 1967, 1965 | ||